| 000 | 01509nam0a22003611 4500 | ||
|---|---|---|---|
| 001 | rc\2320017 | ||
| 005 | 20110829143855.0 | ||
| 035 | _a(NLR Aleph) 006673351 | ||
| 090 |
_a5009499 _c5009499 |
||
| 100 | _a20110829d1977 |||y0rusy50 ca | ||
| 101 | 1 |
_arus _ccze |
|
| 102 | _aRU | ||
| 105 | _aa z ||||| | ||
| 200 | 1 |
_aЭлектрохимия _fИ. Корыта, И. Дворжак, В. Богачкова _gПер. с чеш. канд. хим. наук А.Б. Эршлера _gПод ред. проф., д-ра техн. наук В.С. Багоцкого |
|
| 210 |
_aМосква _cМир _d1977 |
||
| 215 |
_a472 с. _cил. _d22 |
||
| 311 | _aПеревод изд.: Elektrochemie/ Jiři Dvořak, Jiři Koryta, Vlasta Bohačkova. C Acad. nakl.-vi, Českosloven. acad. věd, 1975 | ||
| 320 | _aСписок лит.: с. 449-455 | ||
| 320 | _aПредм. указ.: с. 456-468 | ||
| 454 | 0 |
_12001#$aElektrochemie$fJiři Dvořak, Jiři Koryta, Vlasta Bohačkova _1700#1$aDvořak$bJ.$gJiři _1701#1$aKoryta$bJ.$gJiři _1701#1$aBohačkova$bV.$gVlasta |
|
| 606 |
_aЭлектрохимия _2rkp |
||
| 700 | 1 |
_aКорыта _bИ. _gИржи |
|
| 701 | 1 |
_aБогачкова _bВ. |
|
| 701 | 1 |
_aДворжак _bИ. _gИржи |
|
| 702 | 1 |
_aЭршлер _bА. Б. _4730 |
|
| 702 | 1 |
_aБагоцкий _bВ. С. _4340 |
|
| 801 | 0 |
_aRU _bNLR _gpsbo |
|
| 801 | 1 |
_aRU _bELAR _2rusmarc |
|
| 852 |
_aNLR _j78-5/384 |
||
| 899 |
_aRuMoRGB _jБ 77-11/1110 |
||
| 899 |
_aRuMoRGB _jБ 77-11/1111 |
||
| 942 | _cBOOK | ||
| 980 | _aNB | ||